Normal view
MARC view
- AMBILY S. PRASAD
Entry Personal Name
001 - CONTROL NUMBER
- control field: 2482
003 - CONTROL NUMBER IDENTIFIER
- control field: OSt
005 - DATE AND TIME OF LATEST TRANSACTION
- control field: 20180110121901.0
008 - FIXED-LENGTH DATA ELEMENTS
- fixed length control field: 180110|| aca||aabn | a|a d
040 ## - CATALOGING SOURCE
- Original cataloging agency: OSt
- Transcribing agency: OSt
100 ## - HEADING--PERSONAL NAME
- Personal name: AMBILY S. PRASAD
670 ## - SOURCE DATA FOUND
- Source citation: Work cat.: (OSt): AMBILY S. PRASAD GISS MERIN VARGHESE SAIDALAVI M, Development and evaluation of tractor operated ditcher cum bed-former for pineapple cultivation
